| 000 | 00676nam a2200205Ii 4500 | ||
|---|---|---|---|
| 003 | JO-AjNU | ||
| 008 | 230605s9999||||xx |||||||||||||| ||und|| | ||
| 040 |
_aJO-AjNU _bara _erda _cJO-AjNU |
||
| 041 | _aara | ||
| 050 | 1 | 4 | _aBP190.5.M33.B3496 |
| 100 | 3 |
_aبالي، وحيد بن عبد السلام , _eauthor _956379 |
|
| 245 | 0 | 0 | _aالصارم البتار في التصدي للسحرة الأشرار |
| 250 | _aط10 | ||
| 264 | 3 | 1 | _aالقاهرة: دار ابن الهيثم، د.ت |
| 300 | _a143ص | ||
| 336 |
_atext _btxt _2rdacontent |
||
| 337 |
_aunmediated _bn _2rdamedia |
||
| 338 |
_avolume _bnc _2rdacarrier |
||
| 650 | 4 |
_aالسحر- الاسلام _956380 |
|
| 999 |
_aA25202 _c28770 _d28770 |
||